000 00418pab a2200169 454500
008 180718b2007 xxu||||| |||| 00| 0 eng d
100 _aBoraian, M.P.
245 _aReaching out to the rural disabled: the role of a rural varsity
260 _c2007
300 _ap.4-7.
362 _a12 Nov
650 _aUniversities
650 _aDisabled persons
773 _aUniversity News
908 _aN
909 _a76425
999 _c76425
_d76425